000 00639nam a2200229Ia 4500
003 OSt
005 20220918165102.0
006 a|||||r|||| 00| 0
007 ta
008 220917b |||||||| |||| 00| 0 eng d
020 _a0884050572
024 _a244,289
037 _cTextual
040 _aARTS
_cARTS
_beng
041 _2eng
_aeng
082 _aD65,8(B):(X:8), L4
100 _aBrandon Dick H.
_913263
245 0 _aData processing organization and manpower planning
260 _aNew York
_bPetrocelli Books USA
_c1974
942 _hD65,8(B):(X:8), L4
_cTEXL
_2CC
999 _c128240
_d128240